ბათუმის შოთა რუსთაველის სახელმწიფო უნივერსიტეტის ბიბლიოთეკა

The Greek Museums / (ბიბ.ჩანაწერი № 60558)

000 -LEADER
fixed length control field 00642nam a22001937a 4500
005 - DATE AND TIME OF LATEST TRANSACTION
control field 20230823162107.0
008 - FIXED-LENGTH DATA ELEMENTS--GENERAL INFORMATION
fixed length control field 230823s1975 enk||||| |||| 00| 0 eng d
020 ## - INTERNATIONAL STANDARD BOOK NUMBER
International Standard Book Number 9602130520
041 ## - LANGUAGE CODE
Language code of text/sound track or separate title eng
080 ## - UNIVERSAL DECIMAL CLASSIFICATION NUMBER
Universal Decimal Classification number 069.2:7 A-54
100 ## - MAIN ENTRY--PERSONAL NAME
Personal name Andronicos, Manolis
9 (RLIN) 19706
245 ## - TITLE STATEMENT
Title The Greek Museums /
Statement of responsibility, etc. Andronicos, Manolis; Chatzidakis, Manolis; Karageorghis, Vassos.
264 ## - PRODUCTION, PUBLICATION, DISTRIBUTION, MANUFACTURE, AND COPYRIGHT NOTICE
Date of production, publication, distribution, manufacture, or copyright notice 1975.
300 ## - PHYSICAL DESCRIPTION
Extent 418 p. :
Other physical details ill.;
Dimensions 33 cm.
653 ## - INDEX TERM--UNCONTROLLED
keyword ბერძნული მუზეუმები
700 ## - ADDED ENTRY--PERSONAL NAME
Personal name Chatzidakis, Manolis
Relator term ავტორი
9 (RLIN) 19707
700 ## - ADDED ENTRY--PERSONAL NAME
Personal name Karageorghis, Vassos
Relator term ავტორი
9 (RLIN) 19708
942 ## - ADDED ENTRY ELEMENTS (KOHA)
Source of classification or shelving scheme
Koha item type წიგნი
ეგზემპლარები
Withdrawn status Lost status Source of classification or shelving scheme Damaged status Not for loan Permanent Location Current Location Shelving location Date acquired Cost, normal purchase price Full call number Barcode Date last seen Copy number Uniform Resource Identifier Price effective from Koha item type Public note
          ბათუმის შოთა რუსთაველის სახელმწიფო უნივერსიტეტის მთავარი ბიბლიოთეკა ბათუმის შოთა რუსთაველის სახელმწიფო უნივერსიტეტის მთავარი ბიბლიოთეკა წიგნსაცავი 2023-08-23 20.00 069.2:7 A-54 65136 2023-08-23 65136 ბსუ-ს საპატიო დოქტორის გურამ ლორთქიფანიძის საჩუქარი 2023-08-23 წიგნი 20 ლ.